000 00401nam a2200157Ia 4500
008 210210b1992 xxu||||| |||| 00| 0 eng d
082 _a540 DEST
100 _aDESIKACHAR (S).
245 _aText book of chemistry.Ed 6.II P U C.
250 _a
260 _aBangalore
_bExcellent Educational Enterprises
_c1992
300 _axii,628
650 _aChemistry
690 _aChemistry
906 _a047671
999 _c96674
_d96674